000 00804nac a22002297a 4500
001 BR8305341
003 BR-BrBNA
005 20240105115849.0
008 230509b bl.|||m| |||| 00| 0 por d
040 _aBR-BrBNA
_bpor
_cBiblioteca Nacional de Agricultura
072 _aC00; A50
090 _aC00 BR8305341
110 1 _aUniversidade Federal Rural do Rio de Janeiro, Itaguai (Brasil)
_911225
245 1 _aRelatorio anual da UFRRJ. Anexo. Producao cientifica [Universidade Federal Rural do Rio de Janeiro, Brasil]
260 3 _aItaguai, RJ (Brasil):
_c1983.
300 _a47 p.
490 _aRelatorio - Universidade Federal Rural do Rio de Janeiro (Brazil)
_v
_x
650 _aENSINO SUPERIOR
650 _aPESQUISA
909 _a202312
_bLúcia Elande
_c55
_dLúcia Elande
942 _2AGRIS
_n0
_cMS
999 _c276775
_d276775